Missing Word: Music Antonyms Quiz Stats

 Plays Quiz Updated Mar 18, 2016

Challenge
Share
Tweet
Embed
Score 0/18 Timer 04:00
0 Plays Today
Song Title Missing Word % Correct
Too Young To Fall In ____Love
96%
Only The ____ Die YoungGood
94.3%
Old Habits Die ____Hard
93.2%
Advice For The Young At ____Heart
90.6%
____ Old With MeGrow
89.4%
Old ____ Rock And RollTime
87.5%
It's The ____ Old SongSame
79.1%
That Old ____ MagicBlack
75.6%
When ____ Were YoungYou
72.5%
Song Title Missing Word % Correct
The Old Man Down The ____Road
71.5%
Good Old-Fashioned Lover ____Boy
54.5%
____ YoungForever
39.5%
Young ____Americans
37.2%
Die Young ____ PrettyStay
24%
____ Young Thing Ain't ____ No MoreSweet
14.6%
This Old ____Guitar
10.7%
____ Old SunFat
5.7%
We ____ Young BloodSuck
5.6%

Today's Daily Dose

Missing Word
TV HA - HZ

Word Ladder
Nordic Capital

On This Day
January 19th II

You're not logged in!

Compare scores with friends on all Sporcle quizzes.
OR
Log In

You Might Also Like...

Show Comments

Extras

Top Quizzes Today


Score Distribution

Your Account Isn't Verified!

In order to create a playlist on Sporcle, you need to verify the email address you used during registration. Go to your Sporcle Settings to finish the process.

Report this User

Report this user for behavior that violates our Community Guidelines.

Details: